LDR 01261naa#a2200181#i#450# 001 RU\INFRA-M\bibl\116646 005 20260704080927.6 011 ## _a2306-1731 100 ## _a20260623b2026####ek#y0rusy0150####ca 102 ## _aRU 200 1# _aОпыт использования нарративного чтения с целью формирования отдельных компонентов читательской компетенции у старших дошкольников на занятиях по немецкому языку _eЖурнальная статья 210 1# _aМосква _cОбщество с ограниченной ответственностью «Научно-издательский центр ИНФРА-М» _d2026 215 ## _a6 с. 608 ## _aЖурнальная статья _2local 675 ## _aНародное образование. Воспитание. Обучение. Организация досуга. 37 _aПреподавание отдельных учебных предметов. 372.8 _aОбучение языкам. 372.881.1 _aСтатистика. Демография. Социология. 31 _z 700 #1 _aДеревянченко _gЕ. А. 700 #1 _aЧичерина _gН. Н. 856 4# _afiz.editorum.ru _u